000 00338nam a22001337a 4500
020 _a978-8121921978
041 _aENG
100 _aWren. P.C
245 _aHigh School Englisg Grammar & Composition
260 _aDelhi
_bS.Chand & Companay .Ltd
_c2011
300 _a418
650 _aCompetitlve Exam
856 _uCompetitlve Exam ( 36 )
999 _c916
_d916